Theory of Structures (Record no. 341874)

MARC details
000 -LEADER
fixed length control field 00376nam a22001457a 4500
082 ## - DEWEY DECIMAL CLASSIFICATION NUMBER
Classification number 624.171
Item number RAM/TH
100 ## - MAIN ENTRY--PERSONAL NAME
Personal name Ramamrutham S
9 (RLIN) 1248
100 ## - MAIN ENTRY--PERSONAL NAME
Personal name Narayan R.
9 (RLIN) 507
245 ## - TITLE STATEMENT
Title Theory of Structures
250 ## - EDITION STATEMENT
Edition statement 9
260 ## - PUBLICATION, DISTRIBUTION, ETC. (IMPRINT)
Place of publication, distribution, etc. New Delhi
Name of publisher, distributor, etc. Dhanpat Rai Publishing Company (P) Ltd
Date of publication, distribution, etc. 2013
300 ## - PHYSICAL DESCRIPTION
Extent 1272
500 ## - GENERAL NOTE
General note New, Revised and Enlarged Edition
942 ## - ADDED ENTRY ELEMENTS (KOHA)
Koha item type Book Bank scheme for SC students
Holdings
Withdrawn status Lost status Damaged status Not for loan Collection code Home library Current library Shelving location Date acquired Source of acquisition Cost, normal purchase price Total Checkouts Full call number Barcode Date last seen Price effective from Koha item type
          Kelappaji College of Agricultural Engineering & Technology Library, Tavanur Kelappaji College of Agricultural Engineering & Technology Library, Tavanur   20/08/2016 Calicut Book Daistributors, Calicut. 640.00   624.171 RAM/TH KAU_KCAEFT-BB 265 20/08/2016 20/08/2016 Book Bank scheme for SC students
          Kelappaji College of Agricultural Engineering & Technology Library, Tavanur Kelappaji College of Agricultural Engineering & Technology Library, Tavanur   27/07/2020 Aman Book stall 715.00   624.171 RAM/TH KAU_KCAEFT-BB 559 18/08/2020 18/08/2020 Book Bank scheme for SC students
          Kelappaji College of Agricultural Engineering & Technology Library, Tavanur Kelappaji College of Agricultural Engineering & Technology Library, Tavanur   27/07/2020 Aman Book stall 715.00   624.171 RAM/TH KAU_KCAEFT-BB 560 18/08/2020 18/08/2020 Book Bank scheme for SC students
Kerala Agricultural University Central Library
Thrissur-(Dt.), Kerala Pin:- 680656, India
Ph : (+91)(487) 2372219
E-mail: librarian@kau.in
Website: http://library.kau.in/